| Tag |
First Indicator |
Second Indicator |
Subfields |
| LEADER |
00000cam a2200000 i 4500 |
| 001 |
in00000366721 |
| 005 |
20151011074557.0 |
| 008 |
780323s1975 gw a b 00110 ger d |
| 020 |
|
|
|a 3876645328
|
| 020 |
|
|
|a 0357210326
|
| 035 |
|
|
|a (OCoLC)03741948
|
| 035 |
|
|
|9 ABP5186AM
|
| 040 |
|
|
|a TXA
|c TXA
|d UtOrBLW
|
| 041 |
1 |
|
|a ger
|a eng
|
| 049 |
|
|
|a TXAM
|c [1612150]
|
| 090 |
|
|
|a QA275
|b .T6315
|
| 100 |
1 |
|
|a Topping, J.
|
| 245 |
1 |
0 |
|a Fehlerrechnung :
|b eine Einfuhrung fur Naturwissenschaftler /
|c J. Topping ; ubersetzt von Jochen Schwarze unter mitarbeit von Peter Erven.
|
| 264 |
|
1 |
|a Weinheim, [Ger.] :
|b Physik Verlag,
|c [1975]
|
| 264 |
|
4 |
|c ©1975
|
| 300 |
|
|
|a viii, 124 pages :
|b illustrations ;
|c 20 cm.
|
| 336 |
|
|
|a text
|b txt
|2 rdacontent
|
| 337 |
|
|
|a unmediated
|b n
|2 rdamedia
|
| 338 |
|
|
|a volume
|b nc
|2 rdacarrier
|
| 490 |
0 |
|
|a Taschentext ; 29
|
| 500 |
|
|
|a Translation of: Errors of observation and their treatment.
|
| 500 |
|
|
|a Includes index.
|
| 504 |
|
|
|a Bibliography: page 121.
|
| 650 |
|
0 |
|a Error analysis (Mathematics)
|
| 999 |
|
|
|a MARS
|
| 999 |
f |
f |
|s d8e33e45-099d-3151-931c-03e48ab03eb9
|i 5ed802c2-5bbb-3d11-adcf-3408c8ff883b
|t 0
|
| 952 |
f |
f |
|p ric
|a Texas A&M University
|b Rellis Campus
|c Joint Library Facility
|d Remote Storage
|t 0
|e QA275 .T6315
|h Library of Congress classification
|i unmediated -- volume
|m A14804502522
|
| 998 |
f |
f |
|a QA275 .T6315
|t 0
|l Remote Storage
|